| 000 | 01509nam a2200397 i 4500 | ||
|---|---|---|---|
| 003 | DO-SdBNP | ||
| 005 | 20240731085606.0 | ||
| 007 | ta | ||
| 008 | 240730s200? dr 001 0 spa d | ||
| 020 | _a8476772742 (obra completa) | ||
| 020 | _a8476772750 (tomo I) | ||
| 020 | _a8476772769 (Tomo II) | ||
| 020 | _a84767727777 (Tomo III) | ||
| 020 | _a8476772785 (Tomo IV) | ||
| 020 | _a8476772793 (Tomo V) | ||
| 020 | _a8476772807 (Tomo VI) | ||
| 020 | _a8476772815 (Tomo VII) | ||
| 020 | _a8476772823 (Tomo VIII) | ||
| 020 | _a8476772831 (Tomo IX) | ||
| 020 | _a847677284X (Tomo 10) | ||
| 040 |
_aDO-SdBNP _bspa _cBNPHU _erda |
||
| 082 | 4 |
_aR 036.1 _bN964 _222 |
|
| 245 | 1 | 0 |
_aNuevo diccionario enciclopédico ilustrado / _cdirección general, Lorenzo Portillo Sisniega ; dirección editorial, Luis Rodrigo Martínez ; prólogo general Fernando Lázaro |
| 264 | 1 |
_aBilbao : _bInstituto Lexicográfico Durvan, _cfecha no identificada |
|
| 300 |
_a10 volumen : _bilustraciones, mapas, fotografías ; _c28 cm. |
||
| 336 |
_atexto _btxt _2rdacontent |
||
| 337 |
_asin mediación _bn _2rdamedia |
||
| 338 |
_avolumen _bnc _2rdacarrier |
||
| 500 | _a"Edición especial para Club Internacional del Libro" | ||
| 590 | _aInventariado, 2024/ DG | ||
| 650 | 0 |
_aEnciclopedias y diccionarios _92045 |
|
| 700 |
_aPortillo Sisniega, Lorenzo _edirección general _985934 |
||
| 700 |
_aLázaro Carreter, Fernando _eprólogo _97731 |
||
| 910 | _aDG. Validado. Control de calidad/MAA | ||
| 942 |
_2ddc _cLBS1 |
||
| 999 |
_c57370 _d57370 |
||